Dance Moms Universe - Toutes les émissions - Statistiques

Statistiques générales
  • Ce quiz a été pris 4 fois
  • Le résultat moyen est 6 sur 10
Statistiques - réponses
Diffusion Émissions % Correct
2011 - 2019 Dance Moms
100%
2012 - 2013 Abby's Ultimate Dance Competition
75%
2024 Dance Moms : A New Era
75%
2012 Dance Moms Miami
75%
2014 Abby's Studio Rescue
50%
2014 - 2015 Dance Mums with Jennifer Ellison / Dance Moms UK
50%
2014 Raising Asia
50%
2024 Dance Moms: Epic Showdowns
25%
2024 Dance Moms: The Reunion
25%
2023 Mad House
25%
Aucun quiz correspondant
Distribution des résultats
% des personnes avec chaque résultat
Percentile par nombre de réponses
Votre historique - résultats
Vous n’avez pas pris ce quiz